Państwa, które wygrały Eurowizję - Statystyki

Ogólne statystyki
  • Ten quiz został rozwiązany 58 razy
    16 od ostatniego zresetowania
  • Średni wynik to 69 z 72
Statystyki odpowiedzi
Rok Państwo % Poprawnych
1966 Austria
100%
2014 Austria
100%
2025 Austria
100%
1986 Belgia
100%
2001 Estonia
100%
2006 Finlandia
100%
1958 Francja
100%
1960 Francja
100%
1962 Francja
100%
1969 Francja
100%
1977 Francja
100%
2005 Grecja
100%
1968 Hiszpania
100%
1969 Hiszpania
100%
1957 Holandia
100%
1959 Holandia
100%
1969 Holandia
100%
1975 Holandia
100%
2019 Holandia
100%
1978 Izrael
100%
1979 Izrael
100%
1998 Izrael
100%
2018 Izrael
100%
1961 Luksemburg
100%
1965 Luksemburg
100%
1972 Luksemburg
100%
1973 Luksemburg
100%
1983 Luksemburg
100%
1982 Niemcy
100%
2010 NIemcy
100%
1985 Norwegia
100%
1995 Norwegia
100%
2009 Norwegia
100%
2017 Portugalia
100%
2008 Rosja
100%
2007 Serbia
100%
1956 Szwajcaria
100%
1988 Szwajcaria
100%
2024 Szwajcaria
100%
1974 Szwecja
100%
1984 Szwecja
100%
1991 Szwecja
100%
1999 Szwecja
100%
2012 Szwecja
100%
2015 Szwecja
100%
2023 Szwecja
100%
2004 Ukraina
100%
2016 Ukraina
100%
2022 Ukraina
100%
1967 Wielka Brytania
100%
1969 Wielka Brytania
100%
1976 Wielka Brytania
100%
1981 Wielka Brytania
100%
1997 Wielka Brytania
100%
1964 Włochy
100%
1990 Włochy
100%
2021 Włochy
100%
1963 Dania
83%
2000 Dania
83%
2013 Dania
83%
1970 Irlandia
83%
1980 Irlandia
83%
1987 Irlandia
83%
1992 Irlandia
83%
1993 Irlandia
83%
1994 Irlandia
83%
1996 Irlandia
83%
2002 Łotwa
83%
1971 Monako
83%
2003 Turcja
83%
2011 Azerbejdżan
67%
1989 Jugosławia
67%
Nie znaleziono quizów pasujących do podanych kryteriów
Rozkład punktacji
Procent ludzi z każdym wynikiem
Percentyl według liczby udzielonych odpowiedzi
Twoja historia wyników
Nie rozwiązałeś tego quizu od ostatniego zresetowania